Pokémon by Type Combinations #3 - Statistics

General Stats
  • This quiz has been taken 117 times
  • The average score is 17 of 26
Answer Stats
Answer % Correct
Butterfree
96%
Steelix
88%
Beautifly
85%
Jellicent
82%
Reshiram
79%
Lunatone
76%
Solrock
76%
Ledian
75%
Baxcalibur
74%
Mothim
74%
Grimmsnarl
73%
Kyurem
71%
Vivillon
69%
Turtonator
66%
Masquerain
65%
Vespiquen
65%
Excadrill
64%
Bewear
59%
Yanmega
53%
Basculegion
52%
Ninjask
49%
Gouging Fire
44%
Iron Boulder
42%
Alolan Dugtrio
40%
Iron Treads
39%
Galarian Stunfisk
38%
No matching quizzes found
Score Distribution
Percent of People with Each Score
Percentile by Number Answered
Your Score History
You have not taken this quiz